| 000 | 01132cam a2200229 4500 | ||
|---|---|---|---|
| 001 | ABS63795 | ||
| 008 | 000000n2001 000 0 eng u | ||
| 035 | _a(Sirsi) u112136 | ||
| 100 | _aGuldberg, H. | ||
| 245 | _aWeather or not to change? | ||
| 260 | _c2001 | ||
| 490 |
_aArchitects' Journal _v213(1) 8 March 2001, 45(2) |
||
| 520 | _aCriticises the report by the Foundation for the Built Environment, "Potential Implications of Climate Change in the Built Environment". Argues the UK climate predictions contained in the report are over dramatic and not based on scientific predictions. For example, many studies have shown that the British weather has not become more extreme. Concludes that the resulting design recommendations to the construction and finance industries is not properly considered and cannot be used as a balanced guide for future construction plans | ||
| 590 | _aABS | ||
| 650 | _aFOUNDATION FOR THE BUILT ENVIRONMENT | ||
| 650 | _aWEATHER FORECASTING | ||
| 650 | _aCLIMATE CHANGE | ||
| 650 | _aARCHITECTS' PLANS | ||
| 650 | _aBUILDING DEVELOPMENT | ||
| 690 | _aBUILT ENVIRONMENT | ||
| 942 | _n0 | ||
| 999 |
_c66780 _d66780 |
||